La responsabilidad patrimonial del Estado legislador en el derecho español (Registro nro. 305042)

Detalles MARC
000 -ENCABEZADO
Número de control [NR] 01016cam a2200253Mi 4500
005 - FECHA Y HORA DE LA ÚLTIMA TRANSACCIÓN
control field 20161129081737.0
008 - DE LONGITUD FIJA DE DATOS DE ELEMENTOS - INFORMACIÓN GENERAL
Elementos de longitud fija [NR] 161129s2007 sp fr 001 0 spa d
020 ## - NUMERO INTERNACIONAL NORMALIZADO PARA LIBROS [R]
Número Internacional Normalizado del libro [NR] 9788447026982
035 ## - NUMERO DE CONTROL DEL SISTEMA [R]
Número de control del sistema [NR] (OCoLC)630461973
Numero Cancelado/no válido [R] (OCoLC)638765291
-- (OCoLC)733718576
040 ## - FUENTE DE CATALOGACION [NR]
Agencia de catalogación original [NR] CO-BoUCM
Idioma de catalogación [NR] spa
Quien Cataloga Sandra Palacio
Quien Clasifica Sandra Palacio
041 0# - CODIGO DE IDIOMA [R]
Código de idioma para texto/pista de sonido o título separado [R] Español
100 1# - ASIENTO PRINCIPAL--NOMBRE PERSONAL [NR]
Nombre personal [NR] García de Enterría, Eduardo
ID Autoridad 81785
245 13 - MENCION DE TITULO [NR]
Título [NR] La responsabilidad patrimonial del Estado legislador en el derecho español
Mención de responsabilidad, etc. [NR] Eduardo García de Enterría
250 ## - MENCION DE EDICION [NR]
Mención de edición [NR] Segunda edición
260 ## - PUBLICACION, DISTRIBUCION, ETC. (PIE DE IMPRENTA) [R]
Lugar de publicación, distribución, etc. [R] Cizur Menor (Navarra, España)
Nombre del editor, distribuidor, etc. [R] Thomson Civitas
Fecha de publicación, distribución, etc. [R] 2007
300 ## - DESCRIPCION FISICA [R]
Extensión [R] 806 páginas
504 ## - NOTA DE BIBLIOGRAFIA, ETC. [R]
Nota de bibliografía, etc. [NR] Incluye referencias bibliográficas e índices
650 17 - ASIENTO SECUNDARIO DE MATERIA - TERMINO TEMATICO [R]
Término temático o nombre geográfico como elemento de entrada [NR] Responsabilidad administrativa
Subdivisión geográfica [R] España
9 (RLIN) 59254
650 27 - ASIENTO SECUNDARIO DE MATERIA - TERMINO TEMATICO [R]
Término temático o nombre geográfico como elemento de entrada [NR] Estado
Subdivisión general [R] Responsabilidad
Subdivisión geográfica [R] España
9 (RLIN) 59253
650 #7 - ASIENTO SECUNDARIO DE MATERIA - TERMINO TEMATICO [R]
Término temático o nombre geográfico como elemento de entrada [NR] Patrimonio
Subdivisión general [R] Estado
Subdivisión geográfica [R] España
9 (RLIN) 21181
690 ## - ASUNTO AGREGADO LOCAL DE ENTRADA - TÉRMINO TEMÁTICO (OCLC, RLIN)
Acceso temático local Derecho administrativo
9 (RLIN) 12695
942 ## - ELEMENTOS DE ENTRADA AGREGADOS (KOHA)
Sistema de clasificación DEWEY
Tipo de ítem principal el descrito en 300a Libro
Tema principal Derecho
Edición 2
Clasificación 342.088946
Parte restante de la signatura top. G215rp
Existencias
Fecha de último préstamo Total préstamos Total Renewals Signatura topográfica Código de barras Última vez visto Volúmen / Fascículo Ejemplar Costo de reposición Price effective from Tipo de ítem Perdido Sistema de clasificación Dañado No prestable Tipo de ítem específico Suprimido Ubicación habitual Ubicación actual Localización Fecha de creación Proveedor Forma de adquisición Costo
16/05/2018 6 14 342.088946 G215rp 100151815 08/06/2024 2a.Ed. Ej.1 464100.00 21/11/2016 Libro   DEWEY     Libro   Bodega Bodega 3er piso 21/11/2016 9 Compra 464100.00